000 00845cam a2200265 4500
001 B2800
008 090401t1989 xxu||||| |||| 00| 0 eng d
035 _a(Sirsi) u52264
041 _aeng
050 _a692.5
090 _aRICS 1989/91AB
110 _aRoyal Institution of Chartered Surveyors
_94900
245 4 _aThe RICS property doctor : what will it cost?
250 _aRev.ed.
260 _aLondon
_bRoyal Institution of Chartered Surveyors
_c1989
300 _a7p. ; 21cm.
350 _a5.25
520 _aProduced originally in connection with the BBC TV series Bazaar . Contains house maintenance costs as at November 1989.
650 _aBUILT ENVIRONMENT-BUILDING COSTS
650 _aPROPERTY MAINTENANCE
650 _aREPAIRS
710 _aBuilding Maintenance Information
_93229
942 _n0
948 _c04/03/1997
999 _c93018
_d93018